000 01112cam a2200313 4500
001 L160122
008 180615n2018 000 0 eng u
020 _a9781138673762
035 _a(Sirsi) u160122
041 _aeng
050 _a692.5 $2 18
100 _aCartlidge, Duncan
245 _aNew aspects of quantity surveying practice
250 _a4th ed.
260 _aLondon
_bRoutledge
_c2018
520 _aReviews the history of the quantity surveying profession, examines and reflects upon the state of current practice and looks to the future role of the quantity surveying professional. Includes procurement, ethicsdelivering added value and dispute resolution.
520 _aSupersedes 3 ed ISBN 9780203851104
590 _aKA
650 _aCONSTRUCTION INDUSTRY
650 _aGLOBAL MARKET
650 _aMANAGEMENT-BUSINESS MANAGEMENT-INFORMATION MANAGEMENT
650 _aPROCUREMENT
_96260
650 _aPROJECT DELIVERY METHODS
650 _aSUPPLY CHAIN MANAGEMENT
650 _aVALUE
651 4 _aENGLAND AND WALES
690 _aQuantity surveying
_96263
942 _n0
999 _c116235
_d116235